[Event "4th Memorial Warakomska-A 2020"]
[Site "Suwalki"]
[Date "2020.08.12"]
[Round "8.13"]
[White "Sobocinski, Slawomir"]
[Black "Rosol, Alexander"]
[Result "0-1"]
[WhiteElo "1914"]
[BlackElo "1933"]
[Annotator "ChessBase"]
[PlyCount "92"]
[EventDate "2020.08.06"]
[EventType "swiss"]
[EventCountry "POL"]
[SourceTitle "playchess.com"]
[Source "ChessBase"]
[SourceQuality "1"]
[TimeControl "40/5400+30:1800+30"]

1. d4 {[%emt 0:00:00]} Nf6 {[%emt 0:00:00]} 2. Nc3 {[%emt 0:00:00]} d6 {[%emt 0:00:03]} 3. e4 {[%emt 0:06:32]} e5 {[%emt 0:00:12]} 4. dxe5 {[%emt 0:01:30]} dxe5 {[%emt 0:00:09]} 5. Qxd8+ {[%emt 0:01:13]} Kxd8 {[%emt 0:00:07]} 6. Bc4 {[%emt 0:00:51]} Ke8 {[%emt 0:00:07]} 7. Nf3 {[%emt 0:05:23]} Bd6 {[%emt 0:00:11]} 8. Bg5 {[%emt 0:05:47]} Nbd7 {[%emt 0:00:16]} 9. O-O-O {[%emt 0:03:53]} Nb6 {[%emt 0:12:56]} 10. Bb3 {[%emt 0:04:40]} a5 {[%emt 0:03:08]} 11. Nb5 {[%emt 0:04:02]} a4 {[%emt 0:06:30]} 12. Nxd6+ {[%emt 0:07:15]} cxd6 {[%emt 0:00:20]} 13. Bd5 {[%emt 0:09:18]} Ke7 {[%emt 0:01:25]} 14. Kb1 {[%emt 0:11:22]} h6 {[%emt 0:02:06]} 15. Bxf6+ {[%emt 0:02:02]} gxf6 {[%emt 0:00:23]} 16. Nh4 {[%emt 0:00:34]} Nxd5 {[%emt 0:02:54]} 17. Rxd5 {[%emt 0:00:35]} Be6 {[%emt 0:00:44]} 18. Nf5+ Bxf5 {[%emt 0:00:12]} 19. exf5 {[%emt 0:00:23]} Ra6 {[%emt 0:01:13]} 20. Rb5 {[%emt 0:01:02]} b6 {[%emt 0:01:31]} 21. g4 {[%emt 0:02:41]} Rc8 {[%emt 0:01:12]} 22. Rd1 {[%emt 0:07:58]} Rc6 {[%emt 0:07:33]} 23. f3 {[%emt 0:03:06]} Ra8 {[%emt 0:00:19]} 24. Rd2 {[%emt 0:03:38]} Rb8 {[%emt 0:01:41]} 25. a3 {[%emt 0:04:53]} Kd7 {[%emt 0:01:06]} 26. Rbd5 {[%emt 0:03:56]} Kc7 {[%emt 0:00:30]} 27. c3 {[%emt 0:02:42]} Rd8 {[%emt 0:00:29]} 28. h3 {[%emt 0:00:55]} Rc4 {[%emt 0:00:26]} 29. Rb5 {[%emt 0:01:07]} Kc6 {[%emt 0:00:22]} 30. Rb4 {[%emt 0:00:13]} Kc5 {[%emt 0:01:26]} 31. Kc2 {[%emt 0:03:35]} d5 {[%emt 0:00:30]} 32. b3 {[%emt 0:00:45]} axb3+ {[%emt 0:00:41]} 33. Kxb3 {[%emt 0:00:06]} b5 {[%emt 0:01:14]} 34. Rd3 {[%emt 0:02:05]} d4 {[%emt 0:02:13]} 35. h4 {[%emt 0:02:29]} Ra8 {[%emt 0:03:22]} 36. f4 {[%emt 0:00:45]} dxc3 {[%emt 0:12:32]} 37. Rxc3 {[%emt 0:00:40]} Rxc3+ {[%emt 0:00:13]} 38. Kxc3 {[%emt 0:00:03]} Rxa3+ {[%emt 0:00:11]} 39. Rb3 {[%emt 0:00:01]} Rxb3+ {[%emt 0:00:19]} 40. Kxb3 {[%emt 0:00:00]} exf4 {[%emt 0:00:00]} 41. Kc3 {[%emt 0:01:33]} b4+ {[%emt 0:00:13]} 42. Kd3 {[%emt 0:02:04]} b3 {[%emt 0:00:10]} 43. Kc3 {[%emt 0:02:02]} f3 {[%emt 0:00:07]} 44. g5 {[%emt 0:00:48]} fxg5 {[%emt 0:00:06]} 45. hxg5 {[%emt 0:00:46]} hxg5 {[%emt 0:00:02]} 46. Kxb3 {[%emt 0:00:16]} f2 {[%emt 0:00:06]} 0-1

[Event "4th Memorial Warakomska-A 2020"]
[Site "Suwalki"]
[Date "2020.08.12"]
[Round "8.14"]
[White "Staroszczyk, Mateusz"]
[Black "Choroszej, Aleksander"]
[Result "1-0"]
[WhiteElo "1984"]
[BlackElo "2059"]
[Annotator "ChessBase"]
[PlyCount "49"]
[EventDate "2020.08.06"]
[EventType "swiss"]
[EventCountry "POL"]
[SourceTitle "playchess.com"]
[Source "ChessBase"]
[SourceQuality "1"]
[TimeControl "40/5400+30:1800+30"]

1. e4 {[%emt 0:00:00]} g6 {[%emt 0:00:00]} 2. d4 {[%emt 0:00:00]} Bg7 {[%emt 0:00:00]} 3. Nc3 {[%emt 0:00:00]} d6 {[%emt 0:00:00]} 4. Be3 {[%emt 0:00:12]} a6 {[%emt 0:00:03]} 5. a4 {[%emt 0:00:33]} Nf6 {[%emt 0:02:27]} 6. f3 {[%emt 0:00:08]} b6 {[%emt 0:02:14]} 7. Bc4 {[%emt 0:01:06]} e6 {[%emt 0:05:27]} 8. Qd2 {[%emt 0:05:46]} h6 9. Nge2 {[%emt 0:10:13]} Bb7 {[%emt 0:04:59]} 10. d5 {[%emt 0:08:27]} e5 {[%emt 0:03:16]} 11. O-O {[%emt 0:00:45]} Nbd7 {[%emt 0:04:21]} 12. Kh1 {[%emt 0:07:46]} Qe7 {[%emt 0:05:45]} 13. b4 {[%emt 0:05:04]} Nh5 {[%emt 0:10:45]} 14. a5 {[%emt 0:31:14]} b5 {[%emt 0:02:15]} 15. Bxb5 {[%emt 0:00:25]} axb5 {[%emt 0:00:20]} 16. Nxb5 {[%emt 0:00:05]} Nb8 {[%emt 0:03:09]} 17. c4 {[%emt 0:00:37]} O-O {[%emt 0:13:15]} 18. Bxh6 {[%emt 0:06:52]} Bxh6 {[%emt 0:01:41]} 19. Qxh6 {[%emt 0:00:03]} Rc8 {[%emt 0:00:39]} 20. f4 {[%emt 0:04:07]} exf4 {[%emt 0:17:36]} 21. Nxf4 {[%emt 0:00:17]} Qe5 {[%emt 0:00:09]} 22. Nxg6 {[%emt 0:05:49]} fxg6 {[%emt 0:01:49]} 23. Qxg6+ {[%emt 0:00:02]} Ng7 {[%emt 0:00:25]} 24. Qf7+ {[%emt 0:00:47]} Kh7 {[%emt 0:06:44]} 25. Ra3 {[%emt 0:00:05]} 1-0

[Event "4th Memorial Warakomska-A 2020"]
[Site "Suwalki"]
[Date "2020.08.12"]
[Round "8.15"]
[White "Jurkiewicz, Krzysztof"]
[Black "Chojnowski, Marcin"]
[Result "1-0"]
[WhiteElo "2275"]
[BlackElo "2035"]
[Annotator "ChessBase"]
[PlyCount "123"]
[EventDate "2020.08.06"]
[EventType "swiss"]
[EventCountry "POL"]
[SourceTitle "playchess.com"]
[Source "ChessBase"]
[SourceQuality "1"]
[TimeControl "40/5400+30:1800+30"]

1. d4 {[%emt 0:00:00]} Nf6 {[%emt 0:00:00]} 2. c4 {[%emt 0:00:00]} c5 {[%emt 0:00:10]} 3. d5 {[%emt 0:00:00]} b5 {[%emt 0:00:03]} 4. Qc2 {[%emt 0:00:53]} bxc4 {[%emt 0:01:45]} 5. e4 {[%emt 0:00:13]} d6 {[%emt 0:00:12]} 6. Nc3 {[%emt 0:01:34]} g6 {[%emt 0:00:17]} 7. Bxc4 {[%emt 0:00:16]} Bg7 {[%emt 0:00:12]} 8. Nf3 {[%emt 0:01:28]} O-O {[%emt 0:00:21]} 9. O-O {[%emt 0:00:19]} Ba6 {[%emt 0:04:00]} 10. Qe2 {[%emt 0:06:59]} Bxc4 {[%emt 0:01:15]} 11. Qxc4 {[%emt 0:00:05]} Nbd7 {[%emt 0:01:25]} 12. Re1 {[%emt 0:05:40]} Nb6 {[%emt 0:02:40]} 13. Qd3 {[%emt 0:01:27]} Nfd7 {[%emt 0:08:56]} 14. Be3 {[%emt 0:09:59]} Qc8 {[%emt 0:06:03]} 15. a4 {[%emt 0:02:36]} a5 {[%emt 0:02:48]} 16. Qe2 {[%emt 0:04:46]} Qa6 {[%emt 0:02:24]} 17. Bg5 {[%emt 0:33:12]} Nf6 {[%emt 0:07:28]} 18. Nd2 {[%emt 0:03:54]} h6 {[%emt 0:07:35]} 19. Bf4 {[%emt 0:00:38]} Rfb8 {[%emt 0:01:51]} 20. h3 {[%emt 0:01:01]} Qxe2 {[%emt 0:04:13]} 21. Rxe2 {[%emt 0:00:11]} Nbd7 {[%emt 0:05:54]} 22. Ra2 {[%emt 0:04:58]} Rb4 {[%emt 0:03:32]} 23. g4 {[%emt 0:00:57]} Ne8 {[%emt 0:01:13]} 24. Be3 {[%emt 0:02:13]} Rab8 {[%emt 0:01:43]} 25. Nb5 {[%emt 0:00:33]} Ne5 {[%emt 0:06:36]} 26. b3 {[%emt 0:00:20]} Nd3 {[%emt 0:01:11]} 27. Rc2 {[%emt 0:00:12]} g5 {[%emt 0:02:36]} 28. Na7 {[%emt 0:00:49]} R4b7 {[%emt 0:02:09]} 29. Nc6 {[%emt 0:01:04]} Ra8 {[%emt 0:00:04]} 30. Nc4 {[%emt 0:01:24]} Rxb3 {[%emt 0:02:48]} 31. Nxe7+ {[%emt 0:02:23]} Kf8 {[%emt 0:01:00]} 32. Nf5 {[%emt 0:01:33]} Rb1+ {[%emt 0:03:02]} 33. Kg2 {[%emt 0:00:46]} Ra6 {[%emt 0:04:21]} 34. Kh2 {[%emt 0:03:14]} Kg8 {[%emt 0:05:25]} 35. Bd2 {[%emt 0:03:13]} Ra1 {[%emt 0:02:25]} 36. Nxg7 {[%emt 0:01:31]} Nxg7 {[%emt 0:00:15]} 37. Bxa5 {[%emt 0:01:23]} Rxa4 {[%emt 0:00:14]} 38. Bd8 {[%emt 0:03:01]} Ne8 {[%emt 0:02:26]} 39. Be7 {[%emt 0:03:44]} f6 {[%emt 0:00:34]} 40. Bd8 {[%emt 0:00:00]} Ra8 {[%emt 0:00:00]} 41. Nb6 {[%emt 0:03:05]} Ne5 {[%emt 0:04:21]} 42. Nxa4 {[%emt 0:01:18]} Nf3+ {[%emt 0:00:03]} 43. Kg2 {[%emt 0:03:36]} Nd4 {[%emt 0:00:07]} 44. Nxc5 {[%emt 0:02:50]} Nxe2 {[%emt 0:01:37]} 45. Rxe2 {[%emt 0:00:27]} Rxd8 {[%emt 0:01:08]} 46. Ne6 {[%emt 0:00:03]} Rc8 {[%emt 0:04:04]} 47. Ra2 {[%emt 0:00:41]} Ng7 {[%emt 0:02:07]} 48. Nxg7 {[%emt 0:03:20]} Kxg7 {[%emt 0:00:01]} 49. Ra7+ {[%emt 0:00:06]} Kg6 {[%emt 0:05:15]} 50. Rd7 {[%emt 0:00:19]} h5 {[%emt 0:00:01]} 51. gxh5+ {[%emt 0:00:36]} Kxh5 {[%emt 0:00:06]} 52. Rxd6 {[%emt 0:00:12]} Rf8 {[%emt 0:00:42]} 53. Re6 {[%emt 0:01:49]} f5 {[%emt 0:00:02]} 54. e5 {[%emt 0:00:30]} g4 {[%emt 0:00:18]} 55. hxg4+ {[%emt 0:00:27]} Kxg4 {[%emt 0:00:38]} 56. Rg6+ {[%emt 0:02:10]} Kh5 {[%emt 0:02:36]} 57. Rg7 {[%emt 0:00:21]} Kh6 {[%emt 0:00:13]} 58. Re7 {[%emt 0:00:26]} f4 {[%emt 0:00:16]} 59. Kf3 {[%emt 0:00:14]} Kg6 {[%emt 0:00:12]} 60. d6 {[%emt 0:00:25]} Kf5 {[%emt 0:00:04]} 61. d7 {[%emt 0:01:21]} Rd8 {[%emt 0:00:03]} 62. e6 {[%emt 0:01:01]} 1-0

[Event "4th Memorial Warakomska-A 2020"]
[Site "Suwalki"]
[Date "2020.08.12"]
[Round "8.16"]
[White "Flis, Pawel"]
[Black "Marczukiewicz, Jerzy"]
[Result "1/2-1/2"]
[WhiteElo "1873"]
[BlackElo "1912"]
[Annotator "TA"]
[PlyCount "231"]
[EventDate "2020.08.06"]
[EventType "swiss"]
[EventCountry "POL"]
[SourceTitle "playchess.com"]
[Source "ChessBase"]
[SourceQuality "1"]

{[%evp 9,231,0,0,0,16,19,14,0,85,75,74,56,58,50,87,56,48,44,58,54,104,95,97,99,77,89,117,81,108,79,100,106,107,110,87,92,75,46,47,43,35,39,95,99,101,8,7,7,24,31,24,0,13,16,49,14,24,0,0,0,8,-67,-55,-77,57,3,0,0,6,0,0,0,20,9,37,27,75,64,78,37,87,87,88,100,90,83,79,66,69,43,86,95,100,111,231,63,79,79,156,136,258,258,258,259,236,60,222,190,159,45,69,22,22,22,40,50,69,69,79,74,74,74,74,69,79,69,69,60,79,69,69,60,60,60,60,8,8,8,8,8,8,8,8,8,8,8,8,0,8,8,8,8,8,8,47,8,8,8,8,8,8,8,29978,29979,29984,29985,29980,8,8,8,8,8,8,8,8,8,8,8,8,8,8,8,8,8,8,8,8,8,8,8,8,8,8,8,8,8,8,8,8,8,8,0,8,8,8,8,8,8,8,0,0,0,29997,0,8,0,0,0,8,0,0,0,8,0]} 1. Nf3 d5 2. g3 Nf6 3. Bg2 Bf5 4. c4 e6 5. cxd5 exd5 6. Qb3 {A07: Réti Opening: New York and Capablanca Systems.} Nc6 7. O-O {[#]} a6 $146 ({Predecessor:} 7... Nb4 8. d3 a5 9. a3 a4 10. Qd1 Na6 11. Qxa4+ c6 12. Be3 Bd6 13. Qb3 Qe7 {½-½ (33) Baum,B (2252)-Strand,K (1995) Bled 2018}) 8. d3 Bg6 (8... Be7 $11 {keeps the balance.}) 9. Bf4 Rb8 10. Nc3 d4 11. Ne4 Be7 12. Nxf6+ Bxf6 13. Rac1 O-O 14. Nd2 Bg5 15. Bxg5 $1 ({Not} 15. Bxc6 Bxf4 16. gxf4 bxc6 $17) 15... Qxg5 16. Ne4 Bxe4 17. Bxe4 Rfd8 18. Qc4 Rd6 19. Qc5 Qd8 20. b4 g6 21. a4 Rc8 22. b5 ({Much worse is} 22. Bxc6 $6 Rxc6 23. Qa5 Re6 $11) 22... axb5 23. axb5 ({But not} 23. Bxc6 $6 Rxc6 24. Qxb5 Rb6 $11) 23... Na5 {Black wants to play ...Nb3.} 24. Qb4 b6 $1 25. Rc2 c5 (25... Rd7 $14) 26. bxc6 $1 $16 Nxc6 27. Rfc1 (27. Qa3 $16 {Hoping for Rfc1.} Ne7 28. Rxc8 Nxc8 29. Ra1) 27... Nxb4 $11 28. Rxc8 Qxc8 29. Rxc8+ {[%mdl 4096] Endgame KRB-KRN} Kg7 30. Bb7 h6 31. Kf1 g5 32. Rc4 Na2 33. Rc2 Nc3 34. e3 Na4 35. Ba6 (35. Rc6 $11 Rd8 36. exd4) 35... Nc5 $15 36. Bc4 f5 (36... dxe3 $17 37. fxe3 Nxd3) 37. exd4 (37. Ke2 $14) 37... Rxd4 $11 38. Ke2 f4 39. Ra2 Kf6 40. Ra8 fxg3 41. fxg3 Rd7 42. Rh8 Re7+ 43. Kf3 Kg6 44. d4 Ne6 45. Bd3+ Kg7 46. Rh7+ Kf8 47. Rxh6 Nxd4+ 48. Kg4 $1 Re3 49. Ba6 b5 50. Kxg5 b4 51. Kf4 Ra3 (51... Rc3 $16 {was worth a try.}) 52. Ke4 $2 ({White should play} 52. Rb6 $18) 52... Kg7 53. Rb6 Nc2 (53... Nf3 $142) 54. Bc4 Re3+ (54... Ne3 $16) 55. Kf4 $1 $18 Rc3 56. Bd5 Ne3 57. Be6 $2 (57. Rb7+ $1 $18 Kf8 58. Be4) 57... Ng2+ $2 ({Better is} 57... Nf1 $1 $14) 58. Kg4 Ne3+ 59. Kh4 (59. Kg5 $1 $16 {Rb7+ is the strong threat.} Rc5+ 60. Kf4) 59... Nf1 $1 $14 60. Rxb4 Nxh2 61. Bd5 Nf3+ 62. Kg4 Ne5+ 63. Kf5 Rxg3 64. Rb7+ Kh6 65. Kxe5 $16 {KRB-KR} Rg5+ 66. Ke4 Kg6 67. Rb6+ Kg7 68. Bb3 Rg6 69. Be6 Rg1 70. Bf5 Re1+ 71. Kf4 Kf7 72. Kg5 (72. Be4 $14) 72... Ke7 $11 73. Ra6 Re2 74. Bg4 Re1 75. Bf3 Re5+ 76. Kf4 Rc5 77. Ra7+ Kd6 78. Ra6+ Kc7 79. Rh6 Rc1 80. Ke5 Re1+ 81. Be4 Re2 82. Rh7+ Kb6 83. Rh1 Kc5 84. Rc1+ Kb4 85. Kd4 Rh2 $2 {[%mdl 8192]} (85... Rd2+ $11 86. Bd3 Rb2) 86. Rb1+ Ka3 {[#]} 87. Kc3 $1 Ka4 {[#]} 88. Kc4 $2 (88. Bd3 $1 Ka3 89. Bf1 Rf2 90. Bc4 Rf3+ 91. Bd3 Rxd3+ 92. Kxd3 Ka4 93. Kc3) 88... Ka3 89. Bd3 Rb2 $1 90. Ra1+ Ra2 91. Rh1 Rb2 92. Rh8 {[%cal Rh8a8]} Rb4+ (92... Rb3 {with more complications.} 93. Bc2 Re3 94. Bg6 Rg3 95. Be4 Kb2) 93. Kc3 {aiming for Ra8+.} Rb3+ 94. Kc2 {Threatens to win with Ra8+.} Rb2+ 95. Kc1 $1 {Strongly threatening Ra8+.} Rf2 96. Rb8 Rh2 97. Bc2 Rh1+ 98. Bd1 Rg1 99. Rb3+ Ka2 100. Re3 Rg7 101. Rh3 Rg1 102. Rh4 {[%cal Rh4a4]} Rg3 103. Rb4 Rh3 104. Ra4+ $1 Ra3 105. Rb4 Rg3 106. Re4 Rh3 107. Kc2 {Threatening mate with Bg4.} Rg3 108. Ra4+ $1 Ra3 109. Rb4 Rg3 110. Be2 {Intending Ra4+ and mate.} Rh3 $2 {[%mdl 8192]} (110... Ka3 $11) 111. Rb1 $2 (111. Ra4+ {mates} Ra3 112. Bc4+ Ka1 113. Rxa3#) 111... Rg3 {The position is equal.} 112. Rb4 {White threatens Ra4+ and mate.} Ka3 113. Rf4 {Black must now prevent Bb5.} Re3 114. Bb5 {[%csl Gb5][%cal Rf4a4]} Ka2 $1 115. Ra4+ Ra3 116. Bc4+ {Accuracy: White = 76%, Black = 72%.} 1/2-1/2

[Event "4th Memorial Warakomska-A 2020"]
[Site "Suwalki"]
[Date "2020.08.13"]
[Round "9.1"]
[White "Gumularz, Szymon"]
[Black "Deruelle Sala, Albert"]
[Result "1-0"]
[WhiteElo "2513"]
[BlackElo "2078"]
[Annotator "TA"]
[PlyCount "41"]
[EventDate "2020.08.06"]
[EventType "swiss"]
[EventCountry "POL"]
[SourceTitle "playchess.com"]
[Source "ChessBase"]
[SourceQuality "1"]

{[%evp 9,41,8,27,27,2,0,51,42,55,58,120,119,127,122,155,146,406,410,643,637,641,560,579,579,560,562,690,695,1843,1844,1762,1820,29979,2955]} 1. d4 f5 2. Nc3 Nf6 3. Bg5 d5 4. e3 e6 5. Nf3 a6 6. g4 {A80: Dutch Defence: Unusual White second moves.} fxg4 7. Ne5 {[#]} Nc6 $146 (7... Bb4 $11) ({Predecessor:} 7... Be7 8. h3 g3 9. f4 O-O 10. Rg1 b5 11. Bd3 Nbd7 12. Rxg3 b4 13. Bh6 bxc3 14. Rxg7+ Kh8 15. Qg4 Nxg4 16. Rxh7+ Kg8 17. Rg7+ Kh8 18. Ng6# {1-0 (18) Ovsejevitsch,S (2602)-Nguyen,P (2397) Ceske Budejovice 2018}) 8. h3 {White is slightly better.} g3 {Threatening ...gxf2+.} 9. f4 $1 g2 (9... Bd7 $14) 10. Bxg2 $16 Be7 11. Qe2 Bd7 12. O-O-O b5 $2 {[%mdl 8192] [#]} (12... O-O $16) 13. e4 $18 b4 (13... Nxe4 $142 14. Nxe4 Nxe5 15. dxe5 O-O) 14. exd5 bxc3 15. dxc6 Bc8 16. Nd7 Bxd7 17. cxd7+ {[%mdl 64] [#] Discovered Attack} Kf7 18. d5 Ba3 19. Qxe6+ Kf8 20. bxa3 Rb8 21. d6 {Black did not feel at home in the position after the opening. Accuracy: White = 100%, Black = 33%.} 1-0

[Event "4th Memorial Warakomska-A 2020"]
[Site "Suwalki"]
[Date "2020.08.13"]
[Round "9.2"]
[White "Backiel, Hubert"]
[Black "Janik, Igor"]
[Result "0-1"]
[WhiteElo "1943"]
[BlackElo "2467"]
[Annotator "TA"]
[PlyCount "86"]
[EventDate "2020.08.06"]
[EventType "swiss"]
[EventCountry "POL"]
[SourceTitle "playchess.com"]
[Source "ChessBase"]
[SourceQuality "1"]

{[%evp 18,86,20,17,21,21,37,-16,-22,-16,13,11,16,0,0,-102,-100,-92,-95,-93,-89,-143,-101,-123,-119,-152,-21,-14,-14,-20,-18,-32,-35,-97,-58,-108,-100,-127,-29,-102,-99,-105,0,-18,-11,-93,-99,-121,-110,-153,-107,-109,-114,-113,-104,-101,-102,-209,-207,-201,-204,-909,-186,-259,-261,-513,-502,-916,-914,-893,-861]} 1. e4 Nf6 2. e5 Nd5 3. d4 d6 4. Nf3 g6 5. Bc4 Nb6 6. Bb3 Bg7 7. exd6 cxd6 8. O-O O-O 9. Re1 Nc6 {[%cal Bb8c6,Bc6e5,Be5d3][%mdl 32]} 10. c3 Qc7 {[#] B04: Alekhine's Defence: 4 Nf3.} 11. d5 $146 ({Predecessor:} 11. Na3 a6 12. d5 Na5 13. Bg5 Re8 14. Ba4 Bd7 15. Bxd7 Qxd7 16. Qd3 Rac8 17. Rad1 Rc5 18. Qe4 {0-1 (60) Godena,M (2513)-Zvjaginsev,V (2660) Berlin 2015}) 11... Ne5 12. Nbd2 ({White should try} 12. Nxe5 $14 dxe5 13. Na3) 12... Nd3 $11 {The position is equal.} 13. Re3 Nxc1 14. Rxc1 Re8 15. Nd4 Bd7 16. Qe1 (16. h4 $11 {keeps the balance.}) 16... a5 $17 {[%cal Ba7a5,Ba5a4][%mdl 32]} 17. a3 a4 18. Ba2 Ra5 19. Rd1 ({Better is} 19. Rb1) 19... Bg4 {White must now prevent ...Bxd4.} 20. f3 Bc8 21. Qe2 Bxd4 (21... Nxd5 $17 22. Bxd5 Rxd5) 22. cxd4 $11 Nxd5 23. Bxd5 Rxd5 24. Ne4 $1 {[%cal Re4f6] next Nf6+! is good for White.} Kg7 25. Rc3 ({White should play} 25. Nc3 $15 Ra5 26. d5) 25... Qa5 26. Qc2 Bd7 27. Rc4 Rh5 (27... Rb5 $17 28. Rc3 Be6) 28. Rb4 (28. Qc3 $11) 28... Rc8 29. Nc3 {[#]} Rc7 (29... Rb5 $1 $17 {[%cal Rb5b4][%mdl 512]} 30. Rxb5 (30. Nxb5 Rxc2) 30... Qxb5 {[%mdl 64] Pin}) 30. Qe2 Qg5 31. Ne4 (31. Qf2 $1 $11 {was the only way to keep the balance.}) 31... Qh6 $36 {[%mdl 2048] Keeping White busy.} 32. g3 {[#]} Rc1 $1 {Hoping for ...Rxh2!} 33. Nc3 Bc6 34. f4 Rxd1+ 35. Nxd1 Ra5 36. Ne3 Qh3 37. d5 (37. Qd2 $17 Qe6 38. Kf2) 37... Bxd5 $19 38. Nxd5 Rxd5 39. Rxb7 $2 {KQR-KQR} (39. Rxa4 h5 40. Rc4) 39... e6 $2 (39... Qc8 40. Rxe7 Qc1+ 41. Kg2 Rd2 {[%mdl 64] Double Attack}) 40. Rc7 (40. Rb5 {is a better defense.}) 40... Qf5 41. Rc2 $2 (41. Rc4) 41... Rd3 {Black is clearly winning.} 42. Kg2 (42. Rc1 $142 Qd5 43. Qg2) 42... Qd5+ 43. Kh3 h5 {Accuracy: White = 36%, Black = 67%.} 0-1

[Event "4th Memorial Warakomska-A 2020"]
[Site "Suwalki"]
[Date "2020.08.13"]
[Round "9.4"]
[White "Shilov, Sergej"]
[Black "Mulet, Piotr"]
[Result "1-0"]
[WhiteElo "2121"]
[BlackElo "2217"]
[Annotator "TA"]
[PlyCount "87"]
[EventDate "2020.08.06"]
[EventType "swiss"]
[EventCountry "POL"]
[SourceTitle "playchess.com"]
[Source "ChessBase"]
[SourceQuality "1"]

{[%evp 17,87,10,31,-7,-15,-11,-13,-30,6,9,30,21,14,14,17,12,24,21,28,9,30,0,0,0,-6,0,0,-50,-46,-70,-29,-31,-51,-35,-37,-49,-58,-172,-170,-167,-159,-169,-164,-193,-184,-175,-227,-178,-98,-91,-79,-469,-114,-112,0,0,0,0,0,0,0,0,0,0,406,404,373,361,1117,1046,29991,494]} 1. d4 Nf6 2. c4 g6 3. g3 Bg7 4. Bg2 d5 5. Nf3 O-O 6. cxd5 Nxd5 7. O-O Nb6 8. Nc3 Nc6 9. e3 a5 10. Na4 {D76: Fianchetto Grünfeld: Main Line with 7...Nb6.} Nxa4 11. Qxa4 e5 {[#]} 12. d5 $146 {The position is equal.} ({Predecessor:} 12. dxe5 Nxe5 13. Nxe5 Bxe5 14. Rd1 Qe7 15. h3 c6 16. Qc2 a4 17. Rb1 Be6 18. b3 axb3 19. axb3 {½-½ (46) Abramovic,B (2429)-Sedlak,N (2586) Arad 2013}) 12... Ne7 13. Rd1 Qd6 14. e4 c6 15. dxc6 Qxc6 16. Qa3 Qc7 $1 17. Be3 Nc6 18. Rac1 Be6 19. Bc5 Rfd8 20. Ng5 Rxd1+ 21. Rxd1 Bg4 22. f3 Bc8 23. Qb3 Nd4 (23... h6 $5 {[%cal Rh6g5]} 24. Bd6 a4 $15) 24. Bxd4 exd4 25. Bf1 a4 26. Qc4 Qe7 $36 {[%mdl 2048] Black is more active.} 27. h4 (27. Qb5 $15) 27... h6 $19 28. Nh3 Be6 29. Qb5 Bxa2 30. Nf4 Be5 31. Ne2 Bb3 32. Rd2 {[#]} Rd8 ({Better is} 32... d3 $1 $19 {[%mdl 512]} 33. Qxd3 Qf6) 33. f4 $17 Bd6 {...Bb4 is the strong threat.} 34. e5 $2 {[%mdl 8192] [#]} (34. Nc1 $17 {is more resistant.}) 34... Bc5 $2 (34... Bb4 $1 $19 {[%cal Rb4d2] is more deadly.} 35. Rd3 Rd5) 35. Kh2 b6 ({Black should play} 35... Be6 $17 {White must now prevent ...Bf5.} 36. Bh3 Bxh3 37. Kxh3 Qe6+ 38. Kh2 Qc6) 36. Nc1 $1 $11 Bd5 37. Qxa4 Ra8 38. Qc2 Ra1 39. Bg2 Qe6 {aiming for ...Bxg2.} 40. Nd3 Be7 $2 {[%mdl 8192] [#]} (40... Bxg2 $11 41. Rxg2 Qf5) 41. f5 $1 $18 {[%cal Rf5e6][%mdl 512]} Qd7 (41... Qxf5 42. Bxd5) 42. fxg6 {Hoping for Nf4.} fxg6 $2 (42... Bf8 43. Bxd5 Qxd5 44. gxf7+ Kxf7) 43. Nf4 {[%mdl 64] Double Attack} Ra8 44. Ne2 {Quite a comeback for White. Accuracy: White = 72%, Black = 61%.} (44. Qxg6+ $142 Kh8 45. Qxh6+ Kg8 46. Bxd5+ Qxd5 47. Qg6+ Kh8 48. Nxd5 Bxh4 49. gxh4 Ra3 50. bxa3 d3 51. Rg2 b5 52. Qh6#) 1-0

[Event "4th Memorial Warakomska-A 2020"]
[Site "Suwalki"]
[Date "2020.08.13"]
[Round "9.5"]
[White "Goluch, Piotr"]
[Black "Kucza, Karol"]
[Result "1/2-1/2"]
[WhiteElo "2376"]
[BlackElo "2245"]
[Annotator "TA"]
[PlyCount "35"]
[EventDate "2020.08.06"]
[EventType "swiss"]
[EventCountry "POL"]
[SourceTitle "playchess.com"]
[Source "ChessBase"]
[SourceQuality "1"]

{[%evp 18,21,27,25,51,22]} 1. d4 d5 2. c4 c6 3. Nc3 Nf6 4. Nf3 e6 5. Bg5 h6 6. Bxf6 Qxf6 7. e3 Nd7 8. Bd3 Bb4 9. O-O O-O 10. Qc2 dxc4 {D43: Semi-Slav: 5 Bg5 h6.} 11. Bxc4 {[#]} (11. Ne4 $5 {[%cal Re4f6]} Qe7 12. Qxc4 $14 (12. Bxc4 b5 $14)) {Predecessor:} 11... e5 $146 12. d5 Bxc3 13. Qxc3 e4 14. Nd4 c5 15. Ne2 Ne5 16. Ng3 Bf5 17. d6 Nxc4 18. Qxc4 {1-0 (37) Yermolinsky,A (2570)-Zilberstein,D (2378) Reno 2005} 1/2-1/2